000 00638nam a2200241Ia 4500
005 20250425162838.0
008 250425s9999 xx 000 0 und d
020 _a9780199236176
041 _aeng
082 _a546
_pATK
100 _aAtkins, Peter
245 0 _aShriver & Atkins' inorganic chemistry
_cPeter Atkins ... [et al.].
250 _a5th ed.
260 _aOxford
_bOxford University Press
_c2010
300 _a824 páginas
650 _aQuímica inorgánica
700 _aArmstrong, Fraser
700 _aOverton, Tina
700 _aRourke, Jonathan
700 _aWeller, Mark
942 _c01
010 _a113393
999 _c237615
_d237615